| 000 | 00556nam a2200181 i 4500 | ||
|---|---|---|---|
| 001 | 29991 | ||
| 003 | ES-MaACL | ||
| 005 | 20250823085842.0 | ||
| 007 | t| | ||
| 008 | 030123s1970 pr ||||1| spa d | ||
| 100 | 1 |
_aBarreto de Colón, Herodina. _925957 |
|
| 245 | 1 | 0 |
_aManual de Español comercial / _cHerodina Barreto de Colón. |
| 260 |
_aPuerto Rico : _bUniversidad de Puerto Rico, _c1970. |
||
| 300 |
_a268 p. ; _c22 cm. |
||
| 710 | 2 |
_aUniversidad de Puerto Rico _97273 |
|
| 852 |
_aES-MaACL _jC-44221 _bR.74189 |
||
| 999 |
_c29991 _d29991 |
||